Bagaimana menjadi warganegara yang baik

Bibliographic Details
Corporate Author: Perbadanan Perpustakaan Awam Johor
Format: Book
Published: Johor : Perbadanan Perpustakaan Awam Johor , 2019
Subjects:

MARC

LEADER 00000cam a2200000 7i4500
001 0000084280
005 20210204.0
008 191111
020 |a 9789672083122 
041 0 |a Malay 
090 0 0 |a JF   |b MAL 
245 0 0 |a Bagaimana menjadi warganegara yang baik 
260 |a Johor :   |b Perbadanan Perpustakaan Awam Johor ,   |c 2019 
300 |a 24 p. :   |b col.,ill. ;   |c 24.1 cm. 
500 |a Children ages 7-9 years old (orange) 
541 0 0 |c Donation books   |f PPAJ 
650 0 |a Children's stories, Malay 
650 0 |a Government publications   |z Malaysia 
650 0 |a Malay fiction 
650 0 |a Malaysian fiction 
710 1 |a Perbadanan Perpustakaan Awam Johor 
999 |a 0001595798   |b Book   |c Children Collection   |e Cawangan Muar 
999 |a 0001595799   |b Book   |c Children Collection   |e Cawangan Muar 
999 |a 0001595800   |b Book   |c Children Collection   |e Cawangan Muar 
999 |a 0001595801   |b Book   |c Children Collection   |e Cawangan Muar 
999 |a 0001595802   |b Book   |c Children Collection   |e Cawangan Muar 
999 |a 0001595803   |b Book   |c Children Collection   |e Cawangan Muar 
999 |a 0001595804   |b Book   |c Children Collection   |e Cawangan Muar 
999 |a 0001595805   |b Book   |c Children Collection   |e Cawangan Muar 
999 |a 0001595806   |b Book   |c Children Collection   |e Cawangan Muar 
999 |a 0001595807   |b Book   |c Children Collection   |e Cawangan Muar 
999 |a 0001650621   |b Book   |c Children Collection   |e Perbadanan Perpustakaan Awam Johor 
999 |a 0001650622   |b Book   |c Children Collection   |e Perbadanan Perpustakaan Awam Johor 
999 |a 0001650623   |b Book   |c Children Collection   |e Perbadanan Perpustakaan Awam Johor 
999 |a 0001650624   |b Book   |c Children Collection   |e Cawangan Urban Transformation Centre 
999 |a 0001650625   |b Book   |c Children Collection   |e Cawangan AEON Kulaijaya 
999 |a 0001695566   |b Book   |c Children Collection   |e Cawangan Taman Universiti 
999 |a 0001695567   |b Book   |c Children Collection   |e Cawangan Taman Universiti 
999 |a 0001695568   |b Book   |c Children Collection   |e Cawangan Taman Universiti 
999 |a 0001695569   |b Book   |c Children Collection   |e Cawangan Taman Universiti